Online katalóg knižníc regiónu Turca

Milá Debbie (Record no. 22426)

MARC details
000 -LEADER
fixed length control field 00905nam a22003133 4500
001 - CONTROL NUMBER
control field 22426
003 - CONTROL NUMBER IDENTIFIER
control field SK-KTurca
005 - DATE AND TIME OF LATEST TRANSACTION
control field 20260328104959.0
008 - FIXED-LENGTH DATA ELEMENTS--GENERAL INFORMATION
fixed length control field 260325s2025 xo g 000 f slo d
020 ## - INTERNATIONAL STANDARD BOOK NUMBER
International Standard Book Number 9788081644382
Qualifying information (viazané)
035 ## - SYSTEM CONTROL NUMBER
System control number a000785460
040 ## - CATALOGING SOURCE
Original cataloging agency UKB
Language of cataloging slo
Modifying agency UKB
Description conventions rda
041 1# - LANGUAGE CODE
Language code of text/sound track or separate title slo
Language code of original eng
044 ## - COUNTRY OF PUBLISHING/PRODUCING ENTITY CODE
MARC country code xo
ISO country code SK
100 1# - MAIN ENTRY--PERSONAL NAME
Personal name McFadden, Freida,
Dates associated with a name 1980-
Relationship aut
240 10 - UNIFORM TITLE
Uniform title Dear Debbie.
Language of a work Slovensky
245 10 - TITLE STATEMENT
Title Milá Debbie
Statement of responsibility, etc. Freida McFadden ; preložila: Dorota Lamačková
250 ## - EDITION STATEMENT
Edition statement Vydanie prvé
264 #1 - PRODUCTION, PUBLICATION, DISTRIBUTION, MANUFACTURE, AND COPYRIGHT NOTICE
Place of production, publication, distribution, manufacture Bratislava
Name of producer, publisher, distributor, manufacturer Motýľ
Date of production, publication, distribution, manufacture, or copyright notice 2025
300 ## - PHYSICAL DESCRIPTION
Extent 334 strán
336 ## - CONTENT TYPE
Content type term text
Content type code txt
Source rdacontent
337 ## - MEDIA TYPE
Media type term bez média
Media type code n
Source rdamedia
338 ## - CARRIER TYPE
Carrier type term zväzok
Carrier type code nc
Source rdacarrier
500 ## - GENERAL NOTE
General note Preložené z angličtiny
600 ## - SUBJECT ADDED ENTRY--PERSONAL NAME
Source of heading or term McFadden, Freida,
700 1# - ADDED ENTRY--PERSONAL NAME
Personal name Lamačková, Dorota
Relationship trl
700 1# - ADDED ENTRY--PERSONAL NAME
Personal name Ondrovičová, Zuzana
Relationship bjd
-- bkd
942 ## - ADDED ENTRY ELEMENTS (KOHA)
Source of classification or shelving scheme Dewey Decimal Classification
Koha item type Krásna literatúra pre dospelých
Suppress in OPAC No

No items available.

Projekt je podporený Slovenskou asociáciou knižníc
Prevádzkuje Turčianska knižnica Martin 2026